| 000 | 00768nam a2200217Ia 4500 | ||
|---|---|---|---|
| 001 | 2685 | ||
| 003 | GE_BSU | ||
| 008 | 181216s||||||||xx |||||||||||||| ||und|| | ||
| 020 | _a9789994064182 | ||
| 040 | _cGE_BSU | ||
| 080 | _a913(479.22:100) | ||
| 100 | _aნინიძე, ვაჟა და სხვ, | ||
| 245 | _aსაქართველოსა და მსოფლიოს ისტორია გეოგრაფია VIII კლასი | ||
| 260 | _aთბილისი | ||
| 260 | _bლოგოს პრესი | ||
| 260 | _c2007 | ||
| 300 | _a446 გვ. | ||
| 541 | _h15 ლ. | ||
| 653 | _aსაქართველოსა და მსოფლიოს ისტორია გეოგრაფია | ||
| 942 | _cBK | ||
| 999 |
_c36748 _d36748 |
||